Университетская Казань XIX - первой трети XX века (Запись № 9859386)

Подробности
000 -МАРКЕР
контрольное поле 01978nam0a2200385 i 4500
001 - ИДЕНТИФИКАТОР ЗАПИСИ
контрольное поле RU\NLR\BIBL_A\010729695
005 - ИДЕНТИФИКАТОР ВЕРСИИ
контрольное поле 20260408083129.0
010 ## - МЕЖДУНАРОДНЫЙ СТАНДАРТНЫЙ НОМЕР КНИГИ (ISBN)
Номер (ISBN) 9785000192917
Тираж 500
021 ## - НОМЕР ГОСУДАРСТВЕННОЙ РЕГИСТРАЦИИ
Код страны Российская Федерация
Номер 2015-396и
Номер Листа государственной регистраци 44и
035 ## - ДРУГИЕ СИСТЕМНЫЕ НОМЕРА
Идентификатор записи (NILC)RuMoRGB-007898363
035 ## - ДРУГИЕ СИСТЕМНЫЕ НОМЕРА
Идентификатор записи (NLR Aleph) 010729695
100 ## - ДАННЫЕ ОБЩЕЙ ОБРАБОТКИ
Данные общей обработки 20150415d2014 um y0rusy50 ca
101 0# - ЯЗЫК РЕСУРСА
Язык текста, звукозаписи и т.д. русский
102 ## - СТРАНА ПУБЛИКАЦИИ ИЛИ ПРОИЗВОДСТВА
Страна публикации Российская Федерация
105 ## - ПОЛЕ КОДИРОВАННЫХ ДАННЫХ: ТЕКСТОВЫЕ МАТЕРИАЛЫ, МОНОГРАФИЧЕСКИЕ
Кодированные данные о монографическом текстовом документе a|||z||||11yy
200 1# - ЗАГЛАВИЕ И СВЕДЕНИЯ ОБ ОТВЕТСТВЕННОСТИ
Основное заглавие Университетская Казань XIX - первой трети XX века
Сведения, относящиеся к заглавию [альбом]
-- к 210-летию Казанского университета
Первые сведения об ответственности [сост.: И. С. Александрова и др.
Последующие сведения об ответственности вступ. ст.: Э. И. Амерханова]
210 ## - ПУБЛИКАЦИЯ, РАСПРОСТРАНЕНИЕ И ДР.
Место издания, распространения и т.д. Казань
Имя издателя, распространителя и т. д. Изд-во Казанского университета
Дата издания, распространения и т.д. 2014
215 ## - ФИЗИЧЕСКАЯ ХАРАКТЕРИСТИКА
Специфическое обозначение материала и объем 152 с.
Другие сведения о физической характеристике цв. ил.
Размеры 18x22
320 ## - ПРИМЕЧАНИЯ О НАЛИЧИИ В ДОКУМЕНТЕ БИБЛИОГРАФИИ / УКАЗАТЕЛЯ
Текст примечания Библиогр. в подстроч. примеч.
320 ## - ПРИМЕЧАНИЯ О НАЛИЧИИ В ДОКУМЕНТЕ БИБЛИОГРАФИИ / УКАЗАТЕЛЯ
Текст примечания Указ. ил.: с. 144-151
601 02 - НАИМЕНОВАНИЕ ОРГАНИЗАЦИИ КАК ПРЕДМЕТ
Начальный элемент ввода Казанский императорский университет
Формальный подзаголовок Альбомы
Тематический подзаголовок История
Системный номер авторитетной/нормативной записи 2290200
Идентификатор авторитетной/нормативной записи RU\NLR\AUTH\661371648
607 ## - ГЕОГРАФИЧЕСКОЕ НАИМЕНОВАНИЕ КАК ПРЕДМЕТ
Географическое наименование Казань, город (Татария)
Формальный подзаголовок Альбомы
Тематический подзаголовок Архитектура
Системный номер авторитетной/нормативной записи 1241608
Идентификатор авторитетной/нормативной записи RU\NLR\AUTH\66507314
686 1# - ИНДЕКСЫ ДРУГИХ КЛАССИФИКАЦИЙ
Индекс Щ113(2Р=Тат)92Казань я61
686 1# - ИНДЕКСЫ ДРУГИХ КЛАССИФИКАЦИЙ
Индекс Ч484(28)711.9-Казанский я6
702 #1 - ИМЯ ЛИЦА - ВТОРИЧНАЯ ОТВЕТСТВЕННОСТЬ
Код отношения Составитель
Начальный элемент ввода Александрова
Часть имени, кроме начального элемента ввода И. С.
Дополнения к именам, кроме дат составитель фотоальбома
Расширение инициалов личного имени Ирина Сергеевна
Системный номер авторитетной/нормативной записи 145383
Идентификатор авторитетной/нормативной записи RU\NLR\AUTH\770145419
711 02 - НАИМЕНОВАНИЕ ОРГАНИЗАЦИИ - АЛЬТЕРНАТИВНАЯ ОТВЕТСТВЕННОСТЬ
Начальный элемент ввода Казанский (Приволжский) федеральный университет
Идентификатор авторитетной/нормативной записи RU\NLR\AUTH\8810165675
Системный номер авторитетной/нормативной записи 827387
712 02 - НАИМЕНОВАНИЕ ОРГАНИЗАЦИИ - ВТОРИЧНАЯ ОТВЕТСТВЕННОСТЬ
Код отношения Прочие
Начальный элемент ввода Казанский императорский университет
Идентификатор авторитетной/нормативной записи RU\NLR\AUTH\886383
Системный номер авторитетной/нормативной записи 284589
801 #0 - ИСТОЧНИК ЗАПИСИ
Страна Российская Федерация
Организация РГБ
Дата составления 20150326
Правила каталогизации RCR
801 #1 - ИСТОЧНИК ЗАПИСИ
Страна Российская Федерация
Организация РГБ
Дата составления 20150326
Источник данных rusmarc
942 ## - ДОПОЛНИТЕЛЬНЫЕ ЭЛЕМЕНТЫ ЗАПИСИ (АБИС)
Тип экземпляра АБИС Книга
980 ## - КОЛЛЕКЦИЯ
Название коллекции НБР

Нет доступных экземпляров.